| 000 | 00695nam a2200241 a 4500 | ||
|---|---|---|---|
| 005 | 20210219153419.0 | ||
| 008 | 991125n 000 0 u | ||
| 035 | _aUPN01000097849 | ||
| 100 | 1 | _aTalbert, B. Allen | |
| 222 | _aJOURNAL OF INDUSTRIAL TEACHER EDUCATION | ||
| 245 | _aA review and synthesis of the literature on teacher induction : the vocational education perspective | ||
| 300 | _a35-50 | ||
| 362 | 0 | _a1992 Vol. 29, no. 2 | |
| 653 | 0 | _aMAESTROS | |
| 653 | 0 | _aPRACTICA DOCENTE | |
| 653 | 0 | _aEDUCACION VOCACIONAL | |
| 700 | 1 | _aHeath-Camp, Betty, | |
| 700 | 1 | _ecoaut. | |
| 700 | 1 | _aCamp, William G., | |
| 700 | 1 | _ecoaut. | |
| 904 |
_aAC _b035660 |
||
| 905 | _aArticulo | ||
| 999 |
_c76329 _d76329 |
||